Материалы к Симпозиуму по исследованию вида Vimba Vimba (L.) в границах ареала. (Ленинград, 23 августа 1971 г.) (Запись № 7520786)

Подробности
000 -МАРКЕР
контрольное поле 02154nam0a22003251 4500
001 - ИДЕНТИФИКАТОР ЗАПИСИ
контрольное поле rc\3725103
005 - ИДЕНТИФИКАТОР ВЕРСИИ
контрольное поле 20250610064947.0
021 ## - НОМЕР ГОСУДАРСТВЕННОЙ РЕГИСТРАЦИИ
Код страны Российская Федерация
Номер 71-61354
021 ## - НОМЕР ГОСУДАРСТВЕННОЙ РЕГИСТРАЦИИ
Код страны Российская Федерация
Номер Рг15175-72
035 ## - ДРУГИЕ СИСТЕМНЫЕ НОМЕРА
Идентификатор записи (NLR Aleph) 007776230
100 ## - ДАННЫЕ ОБЩЕЙ ОБРАБОТКИ
Данные общей обработки 20130115d1971 |||y0rusy50 ca
101 0# - ЯЗЫК РЕСУРСА
Язык текста, звукозаписи и т.д. русский
-- немецкий
-- английский
-- французский
-- литовский
102 ## - СТРАНА ПУБЛИКАЦИИ ИЛИ ПРОИЗВОДСТВА
Страна публикации Российская Федерация
105 ## - ПОЛЕ КОДИРОВАННЫХ ДАННЫХ: ТЕКСТОВЫЕ МАТЕРИАЛЫ, МОНОГРАФИЧЕСКИЕ
Кодированные данные о монографическом текстовом документе y z |||||
200 1# - ЗАГЛАВИЕ И СВЕДЕНИЯ ОБ ОТВЕТСТВЕННОСТИ
Основное заглавие Материалы к Симпозиуму по исследованию вида Vimba Vimba (L.) в границах ареала. (Ленинград, 23 августа 1971 г.)
Первые сведения об ответственности Сов. нац. ком. по Междунар. биол. программе. Ин-т зоологии и паразитологии АН ЛитССР. XVIII Лимнол. конгресс
210 ## - ПУБЛИКАЦИЯ, РАСПРОСТРАНЕНИЕ И ДР.
Место издания, распространения и т.д. Вильнюс
Имя издателя, распространителя и т. д. Б. и.
Дата издания, распространения и т.д. 1971
215 ## - ФИЗИЧЕСКАЯ ХАРАКТЕРИСТИКА
Специфическое обозначение материала и объем 86 с.
Размеры 20
300 ## - ОБЩИЕ ПРИМЕЧАНИЯ
Текст примечания Текст на рус., нем., англ., фр. и литов. яз.
300 ## - ОБЩИЕ ПРИМЕЧАНИЯ
Текст примечания Доп. тит. листы: на англ. яз.: Materials for the Symposium on the investigations of the species Vimba Vimba (L.) within its arrea; на фр. яз.: Matière des rapports du Symposium concernant les etudes sur l'espece Vimba Vimba (L.) dans les limites de son arreal; на нем. яз.: Die Materialen zum Simposium für Erforschung der Vimba, Vimba (L.) art in den Grenzen des Areals; на литов. яз.: Medžiaga rušies Vimba, Vimba (L.) tyrimo arealo bibose Simpoziumui
513 0# - ЗАГЛАВИЕ НА ДОПОЛНИТЕЛЬНОМ ТИТУЛЬНОМ ЛИСТЕ
Заглавие на дополнительном титульном листе Matière des rapports du Symposium concernant les etudes sur l'espece Vimba Vimba (L.) dans les limites de son arreal
513 0# - ЗАГЛАВИЕ НА ДОПОЛНИТЕЛЬНОМ ТИТУЛЬНОМ ЛИСТЕ
Заглавие на дополнительном титульном листе Die Materialen zum Simposium für Erforschung der Vimba, Vimba (L.) art in den Grenzen des Areals
513 0# - ЗАГЛАВИЕ НА ДОПОЛНИТЕЛЬНОМ ТИТУЛЬНОМ ЛИСТЕ
Заглавие на дополнительном титульном листе Materials for the Symposium on the investigations of the species Vimba Vimba (L.) within its arrea
513 0# - ЗАГЛАВИЕ НА ДОПОЛНИТЕЛЬНОМ ТИТУЛЬНОМ ЛИСТЕ
Заглавие на дополнительном титульном листе Medžiaga rušies Vimba, Vimba (L.) tyrimo arealo bibose Simpoziumui
710 12 - НАИМЕНОВАНИЕ ОРГАНИЗАЦИИ - ПЕРВИЧНАЯ ОТВЕТСТВЕННОСТЬ
Начальный элемент ввода Симпозиум по исследованию вида Vimba Vimba (L.) в границах ареала (1971; Ленинград)
801 #0 - ИСТОЧНИК ЗАПИСИ
Страна Российская Федерация
Организация NLR
Правила каталогизации psbo
801 #1 - ИСТОЧНИК ЗАПИСИ
Страна Российская Федерация
Организация ELAR
Источник данных rusmarc
852 ## - МЕСТОНАХОЖДЕНИЕ И ШИФР ХРАНЕНИЯ
Идентификатор организации NLR
Шифр хранения (Call Number) 72-4/23315
942 ## - ДОПОЛНИТЕЛЬНЫЕ ЭЛЕМЕНТЫ ЗАПИСИ (АБИС)
Тип экземпляра АБИС Книга
980 ## - КОЛЛЕКЦИЯ
Название коллекции Национальная библиография
Экземпляры
Тип экземпляра Дата поступления Библиотека постоянного хранения Библиотека текущего хранения Место хранения Шифр хранения Штрих-код Статус экземпляра
Книга 26.10.2013 РНБ (Московский) РНБ (Московский) Русский книжный фонд: издания с 1957 года 72-4/23315 7776230-10